Movies Quiz

Random Movies or Oscar Quiz

Best Picture Settings Quiz Stats

Quiz Updated Nov 9, 2016

Challenge
Share
Tweet
Embed
Score 0/89 Timer 20:00
0 Plays Today
Place(s) Movie % Correct
Mordor, Middle EarthLord of the Rings: Return of the King
86.5%
Scottish Highlands; London, EnglandBraveheart
75%
Germania / Rome, Roman EmpireGladiator
68.5%
Elsinore Castle, DenmarkHamlet
61.9%
Casablanca, French MoroccoCasablanca
60.2%
Rose Theater / Curtain Theater, London, EnglandShakespeare In Love
58.3%
Buckingham Palace / London, EnglandThe King's Speech
58.3%
Tehran, IranArgo
58.3%
Tara Plantation / Atlanta, GeorgiaGone With the Wind
57.5%
Sioux land, Dakota territoryDances With Wolves
57.2%
Atlantic Ocean between Southampton, England and New York, NYTitanic
55.9%
Saratoga Springs, NY, A New Orleans plantation12 Years a Slave
54.8%
Mumbai, IndiaSlumdog Millionaire
53.1%
Vienna, AustriaAmadeus
50.4%
Oregon State Mental Hospital, OROne Flew Over The Cuckoo’s Nest
49.3%
Baghdad, IraqThe Hurt Locker
48.6%
Numerous locations around the globeAround the World in 80 Days
48.2%
New York, NY; Sicily, ItalyThe Godfather
47%
Jerusalem, JudeaBen-Hur
46.7%
New York, NYBirdman
44.7%
Cambridge, England; Olympic Stadium, Paris, FranceChariots of Fire
43.1%
Boston, MAThe Departed
40.3%
Greenbow, AL; North VietnamForrest Gump
39.8%
Krakow, Poland; Brinnlitz, MoraviaSchindler's List
39.4%
Pietermaritzburg, South Africa; New Delhi, IndiaGandhi
39.2%
Vietnam, near Cambodian borderPlatoon
38.5%
Cook County Jail, Chicago, ILChicago
38%
An average block in suburban AmericaAmerican Beauty
37.6%
The streets of Los Angeles, CACrash
37.3%
Battlefields on the German/French borderAll Quiet on the Western Front
36.8%
Place(s) Movie % Correct
The docks of Hoboken, NJOn the Waterfront
36.4%
Squalid neighborhoods in London, EnglandOliver!
35.6%
Boston, MASpotlight
34.9%
State Hospital for the Criminally Insane, Baltimore, MDThe Silence of the Lambs
34.2%
Beijing, ChinaThe Last Emperor
33.1%
Aqaba, Jordan; Damascus, SyriaLawrence of Arabia
32.7%
Salzburg, AustriaThe Sound of Music
32.7%
The Upper West Side of New York, NYWest Side Story
32.6%
Hollywood, CAThe Artist
32%
Kenya, British East Africa; Rungstedlund, DenmarkOut of Africa
31.8%
Philadelphia, PARocky
31.7%
Liberty City, Miami, FLMoonlight
31.5%
Princeton, NJA Beautiful Mind
30.7%
Clairton, PA; Saigon, VietnamDeer Hunter
30.2%
West Texas-Mexico Border; El Paso, TXNo Country For Old Men
30%
Tahiti / Pitcairn, Pacific OceanMutiny on the Bounty
29.5%
A courtroom in New York, NYKramer vs. Kramer
28.5%
An office building / apartment in New York, NYThe Apartment
26.8%
A brothel in Big Whiskey, Wyoming TerritoryUnforgiven
24.1%
The segregated community of Sparta, MSIn the Heat of the Night
23.8%
An affluent home in Lake Forest, ILOrdinary People
23.5%
Covent Garden / Ascot Racecourse, London, EnglandMy Fair Lady
22.6%
Cincinnati, OH; Las Vegas, NVRain Man
22.6%
Lower East Side of New York, NY; Lake Tahoe, NVThe Godfather Part II
21.4%
Pearl Harbor, HIFrom Here to Eternity
21.2%
Hampton Court / Tower of London, EnglandA Man For All Seasons
20.6%
Manderlay Manor, Cornwall, EnglandRebecca
20.4%
Times Square, New York, NYMidnight Cowboy
20.3%
A butcher shop in The Bronx, NYMarty
20.1%
Villa San Girolamo, Italy / Desert outside of Cairo, EgyptThe English Patient
20.1%
Place(s) Movie % Correct
New York, NY; Los Angeles, CAAnnie Hall
19.5%
Various alleyways and tunnels in New York, NYThe French Connection
19%
Paris, FranceAn American in Paris
18.9%
A small village in the Rhondda Valley, South WalesHow Green Was My Valley
18.7%
Los Angeles, CA / Las Vegas, NVMillion Dollar Baby
18.1%
The road between Miami, FL and New York, NYIt Happened One Night
17.4%
Various theaters and dressing rooms in New York, NYAll About Eve
15.9%
Western ThailandThe Bridge on the River Kwai
15.7%
Salons and parks in Paris, FranceGigi
15%
St. Dominic's Parish, New York, NYGoing My Way
14.8%
Atlanta, GADriving Miss Daisy
14.3%
Baton Rouge, LouisianaAll the King's Men
13.3%
Messina, Italy; Heidelberg, GermanyPatton
13.1%
An inn in Berlin, GermanyGrand Hotel
12.8%
Boone City, OHThe Best Years of Our Lives
12.5%
Nat's Bar, New York, NYThe Lost Weekend
11.6%
A midtown theater in New York, NYBroadway Melody
11.3%
A drafty attic / a courtroom in Paris, FranceLife of Emile Zola
11.2%
Cherokee Territory, OklahomaCimarron
11.1%
In and between small towns throughout the USThe Greatest Show on Earth
11.1%
New York, NY; the 'restricted' community of Darien, CTGentleman’s Agreement
10.9%
Houston, TexasTerms of Endearment
10.9%
A small village outside London, EnglandMrs. Miniver
10.3%
A small American town; Eastern FranceWings
10.2%
Joliet/Chicago, ILThe Sting
10.1%
Allworthy Estate, Somerset / London, EnglandTom Jones
10.1%
A ramshackle house near Columbia U, New York, NYYou Can’t Take it With You
9.7%
Vaudeville theaters in Chicago, IL and New York, NYGreat Ziegfeld
9.7%
Maryott residence in London, EnglandCavalcade
7.3%

You're not logged in!

Compare scores with friends on all Sporcle quizzes.
Sign Up with Email
OR
Log In

You Might Also Like...

Show Comments

Extras

Top Quizzes Today


Score Distribution

Your Account Isn't Verified!

In order to create a playlist on Sporcle, you need to verify the email address you used during registration. Go to your Sporcle Settings to finish the process.